2028 Democrats? - Statistics

General Stats
  • This quiz has been taken 45 times
  • The average score is 14 of 24
Answer Stats
State Office Answer % Correct
CA Governor Gavin Newsom
95%
CA Fmr. VP Kamala Harris
95%
IL Former First Lady Michelle Obama
84%
NY Congresswoman Alexandria Ocasio-Cortez
78%
IN Fmr. Sec. of Transportation Pete Buttigieg
78%
IL Governor J.B. Pritzker
70%
NY Fmr. Sec. of State Hillary Clinton
68%
PA Governor Josh Shapiro
68%
MN Governor Tim Walz
68%
KY Governor Andy Beshear
65%
MI Governor Gretchen Whitmer
65%
TX Congresswoman Jasmine Crockett
57%
AZ Senator Mark Kelly
57%
MA Senator Elizabeth Warren
54%
CO Governor Jared Polis
54%
GA Senator Jon Ossoff
51%
MD Governor Wes Moore
51%
NJ Senator Cory Booker
49%
VA Governor Abigail Spanberger
43%
NC Governor Josh Stein
41%
MI Senator Elissa Slotkin
38%
NJ Comedian Jon Stewart
32%
NJ Governor Mikie Sherrill
30%
NJ Comedian Stephen Smith
19%
No matching quizzes found
Score Distribution
Percent of People with Each Score
Percentile by Number Answered
Your Score History
You have not taken this quiz